000 00583nam a2200181Ia 4500
003 GCL
008 140319s9999 xx 000 0 ara d
040 _aGCL /
_cGCL
082 0 4 _a791.43
_bأ س
100 1 _aابية الحمزاوى
245 1 0 _aسينما العالم الثالث والغرب /
_cابية الحمزاوى
260 _aالقاهرة :
_bمكتبة الاسكندرية
300 _a248 ص ؛
_c24 سم
650 0 4 _aالسينما
650 0 4 _aالانتاج السينمائى
650 0 4 _aالسينما - صناعة وتجارة
942 _2ddc
_cBK
999 _c5295
_d5295